Lotniska Polski po kodach ICAO - Statystyki

Ogólne statystyki
  • Ten quiz został rozwiązany 185 razy
  • Średni wynik to 11 z 13
Statystyki odpowiedzi
Hint Odpowiedź % Poprawnych
EPWA Warszawa-Okęcie
100%
EPGD Gdańsk
99%
EPKK Kraków-Balice
98%
EPKT Katowice
97%
EPPO Poznań-Ławica
95%
EPBY Bydgoszcz
92%
EPWR Wrocław
92%
EPRZ Rzeszów-Jasionka
88%
EPLB Lublin
87%
EPMO Warszawa-Modlin
81%
EPRA Warszawa-Radom
80%
EPLL Łódź
68%
EPSY Olsztyn-Mazury
56%
Nie znaleziono quizów pasujących do podanych kryteriów
Rozkład punktacji
Procent ludzi z każdym wynikiem
Percentyl według liczby udzielonych odpowiedzi
Twoja historia wyników
Nie rozwiązałeś tego quizu